Operačný systém MS-DOS príručka

Enregistré dans:
Détails bibliographiques
Auteur principal: Hladík, Dalibor
Autres auteurs: Dado, Boris, Margetin, Peter
Format: Livre
Langue:slovaque
Publié: Bratislava Dom techniky ČSVTS 1988
Édition:1. vyd.
Tags: Ajouter un tag
Pas de tags, Soyez le premier à ajouter un tag!

MARC

LEADER 00000nam a2200000 4500
001 c023886
005 20221219093504.8
041 0 |a slo 
044 |a SK 
245 1 0 |a Operačný systém MS-DOS  |b príručka  |c D. Hladík, B. Dado, Peter Margetin 
250 |a 1. vyd. 
264 1 |a Bratislava  |b Dom techniky ČSVTS  |c 1988 
300 |a 136 s. 
100 1 |a Hladík, Dalibor 
700 1 |a Dado, Boris 
700 1 |a Margetin, Peter